000 00656nam a22001937a 4500
999 _c166468
_d166468
005 20190724160553.0
010 _aUR-10274
020 _c200.00
_a9789388736299
035 _aU-8829
037 _bDBAD/PUB
082 _aک
100 _aمحمد قمر سليم
245 _aکچھ د ر د سو ا ہو تا ہے
_cمحمد قمر سليم
246 _bKuch Dard Siwa Hota hai (Urdu)
_aby Muhammad Qamar Saleem
260 _a Delhi
_bEducational Publishing House
_c2018 ء
270 _a3191،Vakil Street,Kucha Pandit,Lal Kuan,
_bDelhi
_e110006
_k23216162
_l00911123211540
300 _a176 ص
_c22 Cm(Hb)
942 _2ddc
_cUR
_hک
_mم ح م